|
|
|
|
| LEADER |
00000nab a2200000 a 4500 |
| 001 |
vtls010634703 |
| 003 |
SK-MaSNL |
| 005 |
20260303085243.0 |
| 008 |
160324 2014 xo m p 000 0 cze |
| 015 |
|
|
|a SNBRB2014/11
|2 lmaosk
|
| 040 |
|
|
|a LMAOSK
|b slo
|c LMAOSK
|e AACR2
|
| 041 |
0 |
|
|a cze
|
| 044 |
|
|
|a xo
|c SK
|
| 080 |
|
|
|a 623.441/.443
|2 2001
|
| 080 |
|
|
|a 623.44
|2 2001
|
| 080 |
|
|
|a 623.443
|2 2001
|
| 080 |
|
|
|a (046)
|2 2001
|
| 245 |
0 |
0 |
|a Nová kapitola
|b CZ P-09 9x19, 9x21, 40 S&W
|
| 300 |
|
|
|b Fotogr.
|
| 500 |
|
|
|a Obsahuje technické údaje
|
| 650 |
0 |
7 |
|a CZ P-09 (pištoľ)
|2 LMAOSK
|9 1087765
|
| 650 |
0 |
7 |
|a strelné zbrane
|2 SNKPH
|9 68540
|
| 650 |
0 |
7 |
|a ručné palné zbrane
|2 SNKPH
|9 28981
|
| 650 |
0 |
7 |
|a pištole
|2 SNKPH
|9 13774
|
| 650 |
0 |
7 |
|a služobné zbrane
|2 LMAOSK
|9 1052173
|
| 773 |
0 |
|
|t Zbraně & náboje
|g Roč. XVI, č. 11 (2014), s. 34-39
|x 1212-5210
|
| 852 |
|
|
|a LMAOSK
|b KIS3GCP
|
| 958 |
|
|
|a NB
|
| 999 |
|
|
|c 1798528
|d 1800458
|